000 00436nam a22001697a 4500
005 20170331112750.0
008 170331b xxu||||| |||| 00| 0 eng d
020 _a9780470463635
040 _cPK-LaUMT
082 _a519.535
_bAGR-C
100 _aAgresti, Alan
245 _aCategorical data analysis /
_cAlan Agresti
260 _aHoboken :
_bJohn Wiley,
_c2013
300 _a714 p.
650 _aMultivariate analysis
942 _cBK
999 _c92221
_d92221